Quest for survival and growth : a comparative study of American, European, and Japanese multinationals /

Bibliographic Details
Main Author: Negandhi, Anant R.
Other Authors: Baliga, B. R. (B. Rajaram)
Format: Book
Language:English
Published: Konigstein/Ts : New York, N.Y. : Athenaum Verlag ; Praeger, 1979.
Subjects:

MARC

Tag First Indicator Second Indicator Subfields
LEADER 00000cam a2200000 a 4500
001 in00000079737
005 20151008054001.0
008 790911s1979 gw a b 00110 eng d
010 |a  78071603  
020 |a 0030454161 
035 |a (OCoLC)05361808 
035 |9 AAH9270AM 
040 |a VZS  |c VZS  |d m.c.  |d TXA  |d UtOrBLW 
049 |a TXAM  |c [1803557] 
090 |a HD2755.5  |b .N4 
100 1 |a Negandhi, Anant R. 
245 1 0 |a Quest for survival and growth :  |b a comparative study of American, European, and Japanese multinationals /  |c Anant R. Negandhi ; in collaboration with B. Rajaram Baliga. 
264 1 |a Konigstein/Ts :  |b Athenaum Verlag ;  |a New York, N.Y. :  |b Praeger,  |c 1979. 
300 |a xiii, 163 pages :  |b illustrations ;  |c 22 cm. 
336 |a text  |b txt  |2 rdacontent 
337 |a unmediated  |b n  |2 rdamedia 
338 |a volume  |b nc  |2 rdacarrier 
500 |a Includes indexes. 
504 |a Bibliography: pages 149-156. 
650 0 |a International business enterprises. 
651 0 |a Developing countries  |x International business enterprises. 
650 0 |a Corporations, American. 
650 0 |a Corporations, European. 
650 0 |a Corporations, Japanese. 
700 1 |a Baliga, B. R.  |q (B. Rajaram) 
999 |a MARS 
999 f f |s 03990e2c-1808-34ad-ad1a-6587ca02da68  |i 6ce6b336-b640-3717-9b13-3d28c9870783  |t 0 
952 f f |p ric  |a Texas A&M University  |b Rellis Campus  |c Joint Library Facility  |d Remote Storage  |t 0  |e HD2755.5 .N4  |h Library of Congress classification  |i unmediated -- volume  |m A14806127166 
998 f f |a HD2755.5 .N4  |t 0  |l Remote Storage